Vervollständige den Songtext ohne das Lied zu kennen #2 - Statistiken

Allgemein
  • Dieses Quiz wurde 2.751 mal gespielt
  • Das Durchschnittsergebnis liegt bei 75 aus 187
Antwortstatistiken
Antwort % Korrekt
´n
98%
ich
96%
du
92%
´ne
78%
das
72%
Die
70%
die
70%
es
69%
und
68%
ein
67%
dich
59%
für
59%
mich
57%
zu
56%
so
55%
Dann
52%
wär
52%
war
52%
auf
51%
Auf
51%
an
50%
Hab´
50%
wer
50%
Hast
49%
von
49%
Lied
47%
in
46%
singe
46%
Zeit
46%
zum
46%
neunundneunzig
45%
Neunundneunzig
45%
nicht
45%
Weg
45%
dass
44%
Luftballon
44%
Neunundneunzig
44%
All
43%
Luftballons
43%
etwas
42%
Horizont
42%
ihrem
41%
dem
40%
man
40%
am
38%
Denk´
38%
auch
36%
nur
35%
aus
34%
Denkst
34%
haben
34%
vielleicht
34%
keine
33%
"Krieg!"
33%
Krieg
33%
meine
33%
lass´
32%
schon
32%
ihn
31%
kommt
31%
mehr
31%
Seh´
31%
Düsenflieger
30%
fliegen
30%
sich
30%
General
29%
grad
29%
darum
28%
hielt
28%
sowas
28%
war´n
28%
Kriegsminister
27%
Ufos
27%
dort
26%
schickte
26%
Fliegerstaffel
25%
hätte
25%
hinterher
25%
jeder
25%
Welt
25%
Dabei
24%
geben
24%
Heute
24%
Leute
24%
Mann
24%
gedacht
23%
gibt´s
23%
großer
23%
hielten
23%
Hielten
23%
Krieger
23%
weit
23%
Benzinkanister
22%
wegen
22%
einmal
21%
Jahre
21%
nichts
21%
schlaue
21%
Beute
20%
fette
20%
Feuerwerk
20%
gab
20%
gefunden
20%
großes
20%
keinen
20%
wenn´s
20%
Alarm
19%
Captain
19%
Witterten
19%
gleich
18%
Kirk
18%
Nachbarn
18%
schoss
18%
angemacht
17%
Platz
17%
Sieger
17%
Streichholz
17%
fühlten
16%
liegen
16%
Macht
16%
Riefen
16%
ließen
15%
Runden
15%
Trümmern
15%
zieh´
15%
gerafft
14%
wollten
13%
Keine übereinstimmenden Quizze gefunden
Verteilung der Resultate
Anzahl Personen mit jedem Resultat
Perzentil nach korrekt beantworteten Fragen
Ihre Resultats-Entwicklung
Sie haben dieses Quiz noch nicht gespielt